Languages Only Official in One Country - Statistics

General Stats
  • This quiz has been taken 163 times
  • The average score is 113 of 130
Answer Stats
Hint Answer % Correct
Afrikaans | Northern Sotho | Southern Ndebele | +2 others South Africa
100%
Armenian Armenia
97%
Azerbaijani Azerbaijan
97%
Belarusian Belarus
97%
Bulgarian Bulgaria
97%
Georgian Georgia
97%
Hebrew Israel
97%
Lao Laos
97%
Nepali Nepal
97%
Khmer Cambodia
96%
Fiji Hindi | Fijian Fiji
96%
Hungarian Hungary
96%
Icelandic | Icelandic Sign Language Iceland
96%
Filipino Philippines
96%
Polish Poland
96%
Croatian Croatia
95%
Estonian Estonia
95%
Afar | Amharic | Oromo | Somali Ethiopia
95%
Finnish Finland
95%
Irish Ireland
95%
Mongolian Mongolia
95%
Maori | New Zealand Sign Language New Zealand
95%
Macedonian North Macedonia
95%
Asháninka | Peruvian Spanish Peru
95%
Slovene Slovenia
95%
Korean Sign Language South Korea
95%
Thai Thailand
95%
Ukrainian Ukraine
95%
Uzbek Uzbekistan
95%
Vietnamese Vietnam
95%
Bengali Bangladesh
94%
Czech Czech Republic
94%
Danish Denmark
94%
Indonesian Indonesia
94%
Kazakh Kazakhstan
94%
Kyrgyz Kyrgyzstan
94%
Latvian Latvia
94%
Lithuanian Lithuania
94%
Maltese Malta
94%
Norwegian | Sami (language group) Norway
94%
Palauan Palau
94%
Haitian Creole Haiti
93%
Luxembourgish Luxembourg
93%
Burmese Myanmar
93%
Nauruan Nauru
93%
Seychellois Creole Seychelles
93%
Slovak Slovakia
93%
Tongan Tonga
93%
Venezuelan Sign Language Venezuela
93%
Chilean Spanish Chile
92%
Mauritian Creole Mauritius
92%
Urdu Pakistan
92%
Tuvaluan Tuvalu
92%
Turkmen Turkmenistan
91%
Comorian Comoros
90%
Kurdish Iraq
90%
Montenegrin Montenegro
90%
Tajik Tajikistan
90%
Catalan Andorra
89%
Pashto Afghanistan
87%
Malagasy Madagascar
86%
Kinyarwanda Rwanda
85%
Kirundi Burundi
84%
Hiri Motu | PNG Sign Language | Tok Pisin Papua New Guinea
83%
Sinhala Sri Lanka
83%
Romansh Switzerland
83%
Chewa | Chibarwe | Kalanga | +8 others Zimbabwe
81%
Dzongkha Bhutan
77%
Araona | Baure | Bésiro | +31 others Bolivia
77%
Sango Central African Republic
57%
Tetum East Timor
57%
Chichewa Malawi
55%
Dhivehi Maldives
55%
No matching quizzes found
Score Distribution
Percent of People with Each Score
Percentile by Number Answered
Your Score History
You have not taken this quiz